Zgadnij film po opisie - Statystyki

Ogólne statystyki
  • Ten quiz został rozwiązany 35 razy
  • Średni wynik to 6 z 10
Statystyki odpowiedzi
kraj rok Opis Tytuł filmu % Poprawnych
Francja, Polska, UK, Niemcy 2002 Podczas drugiej wojny światowej Władysław _____, znakomity polski pianista, stara się przeżyć w okupowanej Warszawie. Pianista
82%
USA 1999 Poszukiwacze skarbów uwalniają mumię kapłana Ozyrysa, który trzy tysiące lat wcześniej sprzeniewierzył się faraonowi. Mumia
73%
USA, UK 2023 Historia amerykańskiego naukowca __________ i jego roli w stworzeniu bomby atomowej. Oppenheimer
73%
USA, UK 2001 W dniu jedenastych urodzin _____ dowiaduje się, że jest czarodziejem. Czeka na niego szkoła magii pełna tajemnic. Harry Potter i Kamień Filozoficzny
67%
Francja 2015 Mały ______opowiada swoją historię pilotowi, którego samolot rozbił się na Saharze. Mały Książę
67%
USA 1994 Historia życia _________, chłopca o niskim ilorazie inteligencji z niedowładem kończyn, który staje się miliarderem i bohaterem wojny w Wietnamie. Forrest Gump
64%
USA 2006 Opowieść o jednej z najsłynniejszych bitew w dziejach. Garstka Spartan staje przeciwko perskiej potędze. 300
58%
USA 2004 Chłopiec powątpiewający w magię Świąt Bożego Narodzenia zostaje pasażerem pociągu zmierzającego na biegun północny do siedziby św. Mikołaja. Ekspres polarny
48%
Francja, Włochy 1964 Nerwowy i surowy sierżant zostaje przydzielony do posterunku policji w ____-_____. Postanawia pozbyć się nudystów z okolicznych plaż. Żandarm z St. Tropez
36%
USA, Niemcy 2009 W okupowanej przez nazistów Francji oddział złożony z Amerykanów żydowskiego pochodzenia planuje zamach na Hitlera. Bękarty wojny
30%
Nie znaleziono quizów pasujących do podanych kryteriów
Rozkład punktacji
Procent ludzi z każdym wynikiem
Percentyl według liczby udzielonych odpowiedzi
Twoja historia wyników
Nie rozwiązałeś tego quizu